000 00229nam a22000857a 4500
008 231204b |||||||| |||| 00| 0 eng d
100 _aSharma.R.D
245 _aMCQs in Mathematics
260 _aNew Delhi
_bDhanpat Rai Publications
_c2023
999 _c12480
_d12480